| 000 | 00445nam a2200169Ia 4500 | ||
|---|---|---|---|
| 008 | 230718s9999 xx 000 0 und d | ||
| 020 | _a9781591844501 | ||
| 041 | _aeng | ||
| 082 |
_a338.092'2 _bBYR |
||
| 100 |
_aByrne J.A. _9108174 |
||
| 245 | _aWorld Changers | ||
| 260 |
_c2011 _bPortfolio/Penguin |
||
| 300 | _a276 | ||
| 365 |
_cRs. _b799.00 |
||
| 700 |
_aByrne J.A. _9108174 |
||
| 906 |
_dO:0282225-Apr-2012B:5111-Apr-2012 _cGENRL _b199.75 |
||
| 999 |
_c330581 _d330581 |
||